ARRUPE JESUIT UNIVERSITY

CORONAVIRUS -STOP THE SPREAD - CLEAN,DISINFECT,COVER

The measure of all things : (Record no. 122904)

MARC details
000 -LEADER
fixed length control field 01554cam a22003494a 4500
001 - CONTROL NUMBER
control field 12748808
003 - CONTROL NUMBER IDENTIFIER
control field ARRUPE
005 - DATE AND TIME OF LATEST TRANSACTION
control field 20150715112225.0
008 - FIXED-LENGTH DATA ELEMENTS--GENERAL INFORMATION
fixed length control field 020420s2002 nyua b 001 0 eng
010 ## - LIBRARY OF CONGRESS CONTROL NUMBER
LC control number 2002070267
020 ## - INTERNATIONAL STANDARD BOOK NUMBER
International Standard Book Number 074321675X
040 ## - CATALOGING SOURCE
Original cataloging agency DLC
Transcribing agency DLC
Modifying agency DLC
042 ## - AUTHENTICATION CODE
Authentication code pcc
050 00 - LIBRARY OF CONGRESS CALL NUMBER
Classification number QB291
Item number .A43 2002
082 00 - DEWEY DECIMAL CLASSIFICATION NUMBER
Classification number 526/.1
Edition number 21
300 ## - PHYSICAL DESCRIPTION
Other physical details ill. (some col.) ;
Dimensions 25 cm.
100 1# - MAIN ENTRY--PERSONAL NAME
Personal name Alder, Ken.
9 (RLIN) 18059
245 14 - TITLE STATEMENT
Title The measure of all things :
Remainder of title the seven-year odyssey and hidden error that transformed the world /
Statement of responsibility, etc Ken Alder.
260 ## - PUBLICATION, DISTRIBUTION, ETC. (IMPRINT)
Place of publication, distribution, etc New York :
Name of publisher, distributor, etc Free Press,
Date of publication, distribution, etc c2002.
300 ## - PHYSICAL DESCRIPTION
Extent x, 422 p. :
504 ## - BIBLIOGRAPHY, ETC. NOTE
Bibliography, etc Includes bibliographical references (p. 397-400) and index.
600 10 - SUBJECT ADDED ENTRY--PERSONAL NAME
Personal name Delambre, J. B. J.
Fuller form of name (Jean Baptiste Joseph),
Dates associated with a name 1749-1822.
9 (RLIN) 18060
600 10 - SUBJECT ADDED ENTRY--PERSONAL NAME
Personal name Méchain, Pierre,
Dates associated with a name 1744-1804.
9 (RLIN) 18061
650 #0 - SUBJECT ADDED ENTRY--TOPICAL TERM
Topical term or geographic name as entry element Arc measures
General subdivision History.
9 (RLIN) 18062
650 #0 - SUBJECT ADDED ENTRY--TOPICAL TERM
Topical term or geographic name as entry element Meter (Unit)
General subdivision History.
9 (RLIN) 18063
856 42 - ELECTRONIC LOCATION AND ACCESS
Materials specified Contributor biographical information
Uniform Resource Identifier <a href="http://www.loc.gov/catdir/bios/simon052/2002070267.html">http://www.loc.gov/catdir/bios/simon052/2002070267.html</a>
856 42 - ELECTRONIC LOCATION AND ACCESS
Materials specified Publisher description
Uniform Resource Identifier <a href="http://www.loc.gov/catdir/description/simon052/2002070267.html">http://www.loc.gov/catdir/description/simon052/2002070267.html</a>
856 41 - ELECTRONIC LOCATION AND ACCESS
Materials specified Table of contents
Uniform Resource Identifier <a href="http://www.loc.gov/catdir/toc/fy034/2002070267.html">http://www.loc.gov/catdir/toc/fy034/2002070267.html</a>
856 41 - ELECTRONIC LOCATION AND ACCESS
Materials specified Sample text
Uniform Resource Identifier <a href="http://www.loc.gov/catdir/enhancements/fy0705/2002070267-s.html">http://www.loc.gov/catdir/enhancements/fy0705/2002070267-s.html</a>
906 ## - LOCAL DATA ELEMENT F, LDF (RLIN)
a 7
b cbc
c orignew
d 1
e ocip
f 20
g y-gencatlg
942 ## - ADDED ENTRY ELEMENTS (KOHA)
Source of classification or shelving scheme Library of Congress Classification
Koha item type Monograph ( Printed materials)
Holdings
Withdrawn status Lost status Source of classification or shelving scheme Damaged status Not for loan Collection code Home library Current library Shelving location Date acquired Total Checkouts Full call number Barcode Date last seen Price effective from Koha item type
    Library of Congress Classification     Main Collection ARRUPE LIBRARY ARRUPE LIBRARY Main Collection 15/07/2015   QB291.A43 2002 46500004566 02/07/2019 15/07/2015 Monograph ( Printed materials)

 

Arrupe Library. PO Box MP320 Mt Pleasant, Harare, Zimbabwe
263 242 745411|librarian@aju.ac.zw